000
00401nam a22001697a 4500
003
MPLRDC
005
20220104123356.0
008
210129b ||||| |||| 00| 0 eng d
082
_a
435.4 GMX
100
_a
顾梅仙编著
245
_a
养花知识
_c
250
_a
一版一刷
260
_a
_b
中国林业出版社
_c
1983
300
_b
平
650
_a
观赏园艺
942
_c
BK
_o
435.4 GMX
999
_c
10920
_d
10910